000 02485nas a2200325 a 4500
001 000480736
003 AM-YeHGA
005 20260202160517.0
008 060321d19051917gaumr|pdr| || ||arm|d
040 _aAM-YeHGA
041 0 _aarm
245 0 0 _aՀասկեր :
_bՄանկական պատկերազարդ ամսագիր /
_cԽմբ.- հրատարակիչ՝ Կատարինէ Լիսիցեան, Ստ․ Լիսիցյան ; Հրատ.՝ «Նւէր մանուկներին» ընկերութիւն.
260 _aԹիֆլիս :
_bտպ. Հերմէս,
_c1905-1917, 1922.
300 _a32-48 էջ :
_bնկ. ;
_c27 x 18 սմ.
321 _aԱմենամսյա՝
_b1905-1914
321 _aԵրկամսյա՝
_b1915-1917
362 0 _a1905-1922
500 _aՀանդեսի նպատակն էր ազգային ամբողջությունը անվնաս պահելու համար լեզվից և կրոնից բացի ավելի իրական, ավելի ազդու միջոցներ գտնել. «Ընտանիքը, դպրոցը, ամբողջ հասարակութիւնը պիտի աշխատեն կենդանի, անմիջական սէր ներշնչել մատաղ սերունդին դէպի մայրենի բնութիւնը և այնտեղ ապրող մարդիկ...» : Հանդեսը խմբագրել է նաև Ստեփան Լիսիցյանը: Հանդեսին մշտապես աշխատակցել են Հովհ. Թումանյանը, Աթաբեկ Խնկոյանը: Հանդեսը տպագրվել է նաև Ն. Աղանյանցի տպարանում:
500 _aՏե՛ս Մատենագիտություն «Հասկեր» ամսագրի 1905-1917,1922» /Կազմ.՝ Հ.Գ.Ավանեսյան; խմբ.՝ Հ.Դ. Դանիելյան, Ե., 1981, 306 էջ
500 _a1905-ի համարներին կից հանդեսն ունեցել է հավելված՝ «Մանկավարժական բաժին» (24 էջ՝ շարունակվող էջագրությամբ):
546 _aԲնագիրը՝ հայերեն
650 0 4 _aԱմսագիր
650 1 4 _aՄանկապատանեկան մամուլ
_vՊարբերականներ
_yXXդ.
651 4 _aԹբիլիսի
_96558
651 4 _aՎրաստան
_96630
700 1 _aԼիսիցեան, Կատարինէ
_eխմբ.-հրատարակիչ
710 2 _a«Նւէր մանուկներին» հրատարակչական ընկերութիւն
856 4 1 _uhttps://tert.nla.am/mamul/Hasker/Table.html
_yԿարդալ առցանց
942 _2udc
_cCR
999 _c176484
_d176484